pesticide risk assessement on vegetable production in kiensvey district of kandal province(ការប្រថុយប្រថានជាមួយគ្រោះថ្នាក់ក្នុងការប្រើប្រាស់ថ្នាំកសិកម្មលើផលិតកម្មដំណាំបន្លែនៅស្រុកកៀនស្វាយ​ ខេត្តកណ្តាល) (Record no. 485)

000 -LEADER
fixed length control field 00779nam a22001577a 4500
003 - CONTROL NUMBER IDENTIFIER
control field OSt
005 - DATE AND TIME OF LATEST TRANSACTION
control field 20150915111846.0
008 - FIXED-LENGTH DATA ELEMENTS--GENERAL INFORMATION
fixed length control field 150915b xxu||||| |||| 00| 0 eng d
040 ## - CATALOGING SOURCE
Transcribing agency RUA
082 ## - DEWEY DECIMAL CLASSIFICATION NUMBER
Classification number AGR SAK 2002 B027 Or.1
100 ## - MAIN ENTRY--PERSONAL NAME
9 (RLIN) 507
Personal name SAK, SENTHIABOT.
245 ## - TITLE STATEMENT
Title pesticide risk assessement on vegetable production in kiensvey district of kandal province(ការប្រថុយប្រថានជាមួយគ្រោះថ្នាក់ក្នុងការប្រើប្រាស់ថ្នាំកសិកម្មលើផលិតកម្មដំណាំបន្លែនៅស្រុកកៀនស្វាយ​ ខេត្តកណ្តាល)
260 ## - PUBLICATION, DISTRIBUTION, ETC. (IMPRINT)
Place of publication, distribution, etc. Phnom Penh
Name of publisher, distributor, etc. RUA
Date of publication, distribution, etc. 2002
300 ## - PHYSICAL DESCRIPTION
Extent 33p.
Other physical details ill.
Dimensions 29cm.
942 ## - ADDED ENTRY ELEMENTS (KOHA)
Source of classification or shelving scheme
Koha item type AGR
Holdings
Price effective from Date last seen Permanent Location Not for loan Date acquired Source of classification or shelving scheme Koha item type Barcode Lost status Damaged status Shelving location Withdrawn status Current Location Full call number
2015-09-152015-09-15Library Block B 2015-09-15 AGRRUA002023  B027 Library Block BAGR SAK 2002 B027 Or.1
2015-09-152015-09-15Library Block B 2015-09-15 AGRRUA002454  B027 Library Block BAGR SAK 2002 B027 Or.2
2015-09-152015-09-15Library Block B 2015-09-15 AGRRUA002272  B027 Library Block BAGR SAK 2002 B027 Or.3
2015-09-152015-09-15Library Block B 2015-09-15 AGRRUA002344  B027 Library Block BAGR SAK 2002 B027 Or.4
2015-09-152015-09-15Library Block B 2015-09-15 AGRRUA002865  B027 Library Block BAGR SAK 2002 B027 Or.5
2016-01-262016-01-26Library Block B 2016-01-26 AGRRUA052086    Library Block BAGR SAK 2002 B027 Or.6
មជ្ឈមណ្ឌលឯការនៃសាកលវិទ្យាល័យភូមិន្ទកសិកម្មចំការដូង

Powered by Koha